000 00285nam a2200109Ia 4500
008 171211s9999 xx 000 0 und d
245 _aMotorcycle Owner's Manual
245 _cHugo Wilson
260 _c1997
650 _xHobbies
856 _uhttp://down.ebook777.com/064/0789416158.pdf
999 _c350318
_d350318